<?xml version="1.0" encoding="UTF-8"?><?xml-stylesheet type="text/xsl" href="static/style.xsl"?><OAI-PMH xmlns="http://www.openarchives.org/OAI/2.0/" xmlns:xsi="http://www.w3.org/2001/XMLSchema-instance" xsi:schemaLocation="http://www.openarchives.org/OAI/2.0/ http://www.openarchives.org/OAI/2.0/OAI-PMH.xsd"><responseDate>2026-04-17T03:08:57Z</responseDate><request verb="GetRecord" identifier="oai:www.recercat.cat:2117/427316" metadataPrefix="marc">https://recercat.cat/oai/request</request><GetRecord><record><header><identifier>oai:recercat.cat:2117/427316</identifier><datestamp>2025-07-22T20:09:22Z</datestamp><setSpec>com_2072_1033</setSpec><setSpec>col_2072_452951</setSpec></header><metadata><record xmlns="http://www.loc.gov/MARC21/slim" xmlns:dcterms="http://purl.org/dc/terms/" xmlns:xsi="http://www.w3.org/2001/XMLSchema-instance" xmlns:doc="http://www.lyncode.com/xoai" xsi:schemaLocation="http://www.loc.gov/MARC21/slim http://www.loc.gov/standards/marcxml/schema/MARC21slim.xsd">
   <leader>00925njm 22002777a 4500</leader>
   <datafield ind2=" " ind1=" " tag="042">
      <subfield code="a">dc</subfield>
   </datafield>
   <datafield ind2=" " ind1=" " tag="720">
      <subfield code="a">Heras Fernández, David</subfield>
      <subfield code="e">author</subfield>
   </datafield>
   <datafield ind2=" " ind1=" " tag="260">
      <subfield code="c">2025-01-21</subfield>
   </datafield>
   <datafield ind2=" " ind1=" " tag="520">
      <subfield code="a">En el contexto actual, la gestión eficiente de recursos y procesos es clave para la competitividad empresarial. Esto es especialmente importante en sectores como la carpintería de aluminio. En este ámbito, la organización del inventario, los pedidos y la trazabilidad de materiales son esenciales para optimizar la producción, reducir costes y garantizar la satisfacción del cliente. A pesar de los avances tecnológicos, muchas empresas del sector aún dependen de procesos manuales o herramientas genéricas que no satisfacen sus necesidades específicas. Por ello, surge la necesidad de desarrollar una solución adaptada a la carpintería de aluminio. Este proyecto busca diseñar e implementar una aplicación web con Appian, una plataforma low code que facilita la creación de soluciones empresariales de forma ágil y eficiente. El objetivo principal de la aplicación es optimizar la gestión de productos, pedidos, obras, trazabilidad de materiales y asignación de roles. Con esta solución, se espera mejorar significativamente la productividad y la capacidad de respuesta ante las demandas del mercado.</subfield>
   </datafield>
   <datafield ind2=" " ind1=" " tag="520">
      <subfield code="a">In the current context, efficient resource and process management is key to business competitiveness. This is especially important in sectors like aluminum carpentry. In this field, inventory organization, orders, and material traceability are essential to optimize production, reduce costs, and ensure customer satisfaction. Despite technological advancements, many companies in the sector still rely on manual processes or generic tools that do not meet their specific needs. For this reason, there is a need to develop a solution tailored to aluminum carpentry. This project aims to design and implement a web application using Appian, a low code platform that facilitates the creation of business solutions in an agile and efficient manner. The main goal of the application is to optimize the management of products, orders, projects, material traceability, and role assignments. With this solution, productivity and responsiveness to market demands are expected to improve significantly.</subfield>
   </datafield>
   <datafield tag="653" ind2=" " ind1=" ">
      <subfield code="a">Àrees temàtiques de la UPC::Informàtica::Aplicacions de la informàtica</subfield>
   </datafield>
   <datafield tag="653" ind2=" " ind1=" ">
      <subfield code="a">Application software</subfield>
   </datafield>
   <datafield tag="653" ind2=" " ind1=" ">
      <subfield code="a">Manufacturing processes</subfield>
   </datafield>
   <datafield tag="653" ind2=" " ind1=" ">
      <subfield code="a">Low Code</subfield>
   </datafield>
   <datafield tag="653" ind2=" " ind1=" ">
      <subfield code="a">Appian</subfield>
   </datafield>
   <datafield tag="653" ind2=" " ind1=" ">
      <subfield code="a">Fusteria d'Alumini</subfield>
   </datafield>
   <datafield tag="653" ind2=" " ind1=" ">
      <subfield code="a">Gestió d'Inventari</subfield>
   </datafield>
   <datafield tag="653" ind2=" " ind1=" ">
      <subfield code="a">Traçabilitat</subfield>
   </datafield>
   <datafield tag="653" ind2=" " ind1=" ">
      <subfield code="a">Optimització</subfield>
   </datafield>
   <datafield tag="653" ind2=" " ind1=" ">
      <subfield code="a">Aluminum Carpentry</subfield>
   </datafield>
   <datafield tag="653" ind2=" " ind1=" ">
      <subfield code="a">Inventory Management</subfield>
   </datafield>
   <datafield tag="653" ind2=" " ind1=" ">
      <subfield code="a">Traceability</subfield>
   </datafield>
   <datafield tag="653" ind2=" " ind1=" ">
      <subfield code="a">Optimization</subfield>
   </datafield>
   <datafield tag="653" ind2=" " ind1=" ">
      <subfield code="a">Programari d'aplicació</subfield>
   </datafield>
   <datafield tag="653" ind2=" " ind1=" ">
      <subfield code="a">Fabricació</subfield>
   </datafield>
   <datafield ind2="0" ind1="0" tag="245">
      <subfield code="a">Gestión de inventario para carpintería de aluminio: una aplicación low code</subfield>
   </datafield>
</record></metadata></record></GetRecord></OAI-PMH>